| 000 | 00630nam a2200145Ia 4500 | ||
|---|---|---|---|
| 008 | 170221s9999 xx 000 0 und d | ||
| 100 | _aMai Abdulkadir Muhammed | ||
| 245 | _aProfitability of Continuous Improvement Process in Developing Human Resource Plan for Construction Companies in Malaysia | ||
| 245 | _cMai Abdulkadir Muhammed, Shehu Kabiru, Jimoh Abdullateef Abdulkarim, Salman Riazi Mehdi Riazi, Mohd Nasrun Mohd Nawi | ||
| 260 | _bInternational Review of Management and Marketing | ||
| 260 | _c2016 | ||
| 300 | _a6 : 8S | ||
| 650 | _xMarketing. | ||
| 856 | _uhttp://www.econjournals.com/index.php/irmm/issue/view/97 | ||
| 999 |
_c308415 _d308415 |
||